000 00400nam a2200145Ia 4500
008 151213s9999 xx 000 0 und d
100 _aRichard D. Heffner
245 _aHistory of The United States
_cRichard D. Heffner
260 _aUSA
_bA Mentor Book
_c1952
300 _a11782 p.
650 _aEnglish Literature
650 _aEnglish Literature
700 _aRichard D. Heffner
999 _c5026
_d5026